Theory of Economics/ (Record no. 36126)

MARC details
000 -LEADER
fixed length control field 00472nam a22001817a 4500
005 - DATE AND TIME OF LATEST TRANSACTION
control field 20240718101027.0
008 - FIXED-LENGTH DATA ELEMENTS--GENERAL INFORMATION
fixed length control field 240718b |||||||| |||| 00| 0 eng d
020 ## - INTERNATIONAL STANDARD BOOK NUMBER
ISBN 0-333-44283-0
082 ## - DEWEY DECIMAL CLASSIFICATION NUMBER
Classification number 330
Item number KOU-T
100 ## - MAIN ENTRY--AUTHOR
Author Name Koutsoyiannis, A.
245 ## - TITLE STATEMENT
Title Theory of Economics/
Statement of responsibility, etc. A.Koutsoyiannis
250 ## - EDITION STATEMENT
Edition statement 2nd ed.
260 ## - PUBLICATION, DISTRIBUTION, ETC.
Place of Publication Hong Kong;
Name of publisher, distributor, etc. Macmillan Education Ltd.;
Date of publication, distribution, etc. 1999
300 ## - PHYSICAL DESCRIPTION
Pages xvii, 681p.:
650 ## - SUBJECT ADDED ENTRY--TOPICAL TERM
Subject / Department Economics
300 ## - PHYSICAL DESCRIPTION
-- ill;
-- 21 cm.
952 ## - LOCATION AND ITEM INFORMATION (KOHA)
-- 0
-- 0
Holdings
Lost status Damaged status Collection code Permanent Location Current Location Shelving Location Date acquired Full Call Number Accession No./Barcode Date last seen item type Koha item type
    Economics/Commerce Superior Information Resource Center (SIRC) Superior University - City Campus Superior Information Resource Center (SIRC) Superior University - City Campus Economics 07/18/2024 330 KOU-T 1999 2528 07/18/2024 BOOK BOOK

Powered by Koha